| 000 | 00438nam a2200181Ia 4500 | ||
|---|---|---|---|
| 005 | 20250423100857.0 | ||
| 008 | 250422s9999 xx 000 0 und d | ||
| 020 | _a9781403144911 | ||
| 050 | _aBP 605.S2 .H83/ | ||
| 100 | _aHubbard, Ron L. | ||
| 245 | 0 | _aScientology 0-8: the book of basics | |
| 260 | _aCalifornia | ||
| 260 | _bBridge Publications | ||
| 260 | _c2008 | ||
| 300 | _a523 p | ||
| 650 | _a Scientology. | ||
| 942 | _cBK | ||
| 999 |
_c34613 _d34613 |
||